Estadísticas para Países y Capitales de Europa

Haz click aquí para intentar la prueba.

Estadísticas generales

  • Esta prueba ha sido intentada 228 veces
  • La puntuación promedio es 74 de 90

Estadísticas de respuestas

País o Capital% Correcto
España
98%
Madrid
97%
Alemania
95%
Andorra
95%
Francia
95%
París
94%
Berlín
93%
Lisboa
93%
Portugal
93%
Suecia
93%
Noruega
92%
Albania
91%
Finlandia
91%
Italia
91%
Letonia
91%
Estonia
90%
Irlanda
90%
Lituania
89%
Oslo
89%
Bélgica
88%
Croacia
88%
Dublin
88%
Roma
88%
Rusia
88%
San Marino
88%
San Marino
88%
Suiza
88%
Atenas
87%
Ciudad del Vaticano
87%
Ciudad del Vaticano
87%
Grecia
87%
Islandia
87%
Austria
86%
Dinamarca
86%
Rumania
86%
Bielorrusia
85%
Estocolmo
85%
Reino Unido
85%
Ucrania
85%
Ámsterdam
84%
Bruselas
84%
Kiev
84%
Londres
84%
Luxemburgo
84%
Luxemburgo
84%
Mónaco
84%
Mónaco
84%
Moscú
84%
Países Bajos
84%
Polonia
84%
Bulgaria
83%
Hungría
83%
Malta
83%
Bosnia y Herzegovina
82%
Eslovaquia
82%
Eslovenia
82%
Helsinki
82%
República Checa
82%
Macedonia del Norte
81%
Andorra la Vieja
80%
Serbia
80%
Sofía
80%
Viena
80%
Liechtenstein
79%
Moldavia
79%
Praga
79%
Varsovia
79%
Copenhague
77%
Kosovo
77%
Reikiavik
77%
Tirana
77%
Zagreb
77%
Berna
74%
Budapest
74%
Montenegro
74%
Minsk
73%
Bucarest
72%
La Valeta
72%
Tallin
70%
Riga
68%
Vilna
65%
Belgrado
64%
Bratislava
63%
Sarajevo
63%
Vaduz
63%
Liubliana
62%
Skopie
61%
Chișinău
58%
Podgorica
55%
Pristina
53%

Distribución de puntuación

Porcentaje por número respondido

Porcentaje de gente con cada puntuación

Historial de tus puntuaciones

No has intentado esta prueba.